Tourist Attractions in Rome by Images - Statistics

General Stats
  • This quiz has been taken 30 times
  • The average score is 6 of 16
Answer Stats
Picture Answer % Correct
Colosseum
96%
Trevi Fountain
89%
Pantheon
86%
Spanish Steps
54%
Sistine Chapel
46%
St Peters Basilica
46%
Piazza Navona
39%
Galleria Borghese
25%
Arch of Constantine
21%
Castel Sant Angelo
21%
Piazza del Popolo
21%
Roman Forum
21%
Villa Borghese
18%
Baths of Caracalla
11%
Galleria Doria Pamphilj
0%
Janiculum Hill
0%
No matching quizzes found
Score Distribution
Percent of People with Each Score
Percentile by Number Answered
Your Score History
You have not taken this quiz